000 00701nam a2200241Ia 4500
003 OSt
005 20220926000039.0
006 a|||||r|||| 00| 0
007 ta
008 220923b |||||||| |||| 00| 0 eng d
037 _cGeneral Book
040 _aRTL
_cRTL
_beng
041 _2eng
_aeng
082 _aX9(J).2.N90s, N/GD
110 _aIDIAN, AGRICULTURE (Ministry of-)
_9302046
245 0 _aIndian agriculture in brief.
260 _a New Delhi
_bGovt of India
_c1990
300 _axiii,460p.
_ccm.
500 _aAppendix :452-460p.
700 _aIDIAN, AGRICULTURE (Ministry of-)
_9302047
942 _hX9(J).2.N90s, N/GD
_cGB
_2CC
999 _c598354
_d598354